00625nam a2200181Ia 4500008004100000082002500041100002900066245005100095260002200146260002800168260000900196300001000205500004300215650001300258942001500271999001700286952014000303260312s9999 xx 000 0 und d a331.5 M797n 1964 HNA aMontmollin, M. de935295 0aNuevas perspectivas en el estudio del trabajo. aEditorial Troquel bBuenos Aires, Argentina c1964 a134p. aColección Humberto Nogueira Alcalá aTrabajo  2ddccLIBRO c20112d20112 00102ddc40708CGaBCbBCd2025-08-30eDonación Humberto Nogueiral0o331.5 M797n 1964 HNAp27451r2026-04-17t1w2026-04-17yLIBRO